Edumetrie et Docimologie (Record no. 48360)
[ view plain ]
| 000 -LEADER | |
|---|---|
| fixed length control field | 00494nam a22001697a 4500 |
| 003 - CONTROL NUMBER IDENTIFIER | |
| control field | 0 |
| 005 - DATE AND TIME OF LATEST TRANSACTION | |
| control field | 20160609170126.0 |
| 008 - FIXED-LENGTH DATA ELEMENTS--GENERAL INFORMATION | |
| fixed length control field | 101123t xxu||||| |||| 00| 0 eng d |
| 040 ## - SOURCE DU CATALOGAGE | |
| Original cataloging agency | BUAC |
| Language of cataloging | Fr. |
| Transcribing agency | CRPU/UAC06 |
| 041 ## - CODE DE LANGUE | |
| Language code of text/sound track or separate title | Fr. |
| 100 ## - VEDETTE PRINCIPALE - NOM DE PERSONNE | |
| Personal name | Leclercq, Dieudonné |
| 9 (RLIN) | 11537 |
| 245 ## - TITLE STATEMENT | |
| Title | Edumetrie et Docimologie |
| Statement of responsibility, etc | Dieudonné Leclercq |
| 260 ## - PUBLICATION, DISTRIBUTION, ETC. (IMPRINT) | |
| Place of publication, distribution, etc | [Paris]: |
| Name of publisher, distributor, etc | Ed. de l'université de liège, |
| Date of publication, distribution, etc | 1999 |
| 300 ## - PHYSICAL DESCRIPTION | |
| Extent | Numeroté par chap. |
| Dimensions | 27 cm |
| 650 ## - SUBJECT ADDED ENTRY--TOPICAL TERM | |
| Topical term or geographic name as entry element | PHILOSOPHIE, PSYCHOLOGIE |
| 9 (RLIN) | 11538 |
| 942 ## - ADDED ENTRY ELEMENTS (KOHA) | |
| Koha item type | Livre |
| Withdrawn status | Lost status | Damaged status | Not for loan | Location (home branch) | Sublocation or collection (holding branch) | Date acquired | Source of acquisition | Koha issues (times borrowed) | Koha full call number | Piece designation (barcode) | Koha date last seen | Copy number | Price effective from | Koha item type |
|---|---|---|---|---|---|---|---|---|---|---|---|---|---|---|
| Bibliothèque Universitaire Centrale | Bibliothèque Universitaire Centrale | Achat | 177LEC | 177buc | 23/11/2010 | 1 | 23/11/2010 | Livre |